000 00292 a2200121 4500
999 _c321851
_d321851
001 86778
003 NUST
005 20180123152553.0
008 180123b xxu||||| |||| 00| 0 eng d
082 _a658.40301 BON
100 _aBono Edward
_99620
245 _aThe Six Value Medals
_hEnglish
260 _aUK
_bVermilion Publishing
_c2005
300 _a164p.
942 _aCAE NUST
_cBK
_k658.40301 BON
_2ddc